Электрические машины: учебное пособие для вузов

Bibliografiske detaljer
Hovedforfatter: Беспалов В. Я. Виктор Яковлевич
Andre forfattere: Котеленец Н. Ф. Николай Федорович
Summary:Рассмотрены трансформаторы и электрические машины, используемые в современной технике. Показана их решающая роль в генерации, распределении, преобразовании и утилизации электрической энергии. Даны основы теории, характеристики, режимы работы, примеры конструкций и применения электрических генераторов, трансформаторов и двигателей. Для студентов высших учебных заведений. Может быть использовано в системе повышения квалификации и переподготовки инженеров-электромехаников и инженеров смежных специальностей.
Sprog:russisk
Udgivet: Москва, Академия, 2010
Udgivelse:3-е изд., стер.
Serier:Высшее профессиональное образование. Электротехника
Fag:
Format: MixedMaterials Bog
KOHA link:https://koha.lib.tpu.ru/cgi-bin/koha/opac-detail.pl?biblionumber=200963

MARC

LEADER 00000nam0a2200000 4500
001 200963
005 20231101225007.0
010 |a 9785769570391 
035 |a (RuTPU)RU\TPU\book\219055 
035 |a RU\TPU\book\160415 
090 |a 200963 
100 |a 20110916d2010 m y0rusy50 ca 
101 0 |a rus 
102 |a RU 
105 |a a j 001zy 
200 1 |a Электрические машины  |e учебное пособие для вузов  |f В. Я. Беспалов, Н. Ф. Котеленец 
205 |a 3-е изд., стер. 
210 |a Москва  |c Академия  |d 2010 
215 |a 314 с.  |c ил. 
225 1 |a Высшее профессиональное образование. Электротехника 
320 |a Библиогр.: с. 308. 
330 |a Рассмотрены трансформаторы и электрические машины, используемые в современной технике. Показана их решающая роль в генерации, распределении, преобразовании и утилизации электрической энергии. Даны основы теории, характеристики, режимы работы, примеры конструкций и применения электрических генераторов, трансформаторов и двигателей. Для студентов высших учебных заведений. Может быть использовано в системе повышения квалификации и переподготовки инженеров-электромехаников и инженеров смежных специальностей. 
451 1 |0 (RuTPU)RU\TPU\book\107069  |y 5-7695-2228-3  |t Электрические машины  |o учебное пособие  |f В. Я. Беспалов, Н. Ф. Котеленец  |c М.  |n Academia  |d 2006  |p 320 с.  |s Высшее профессиональное образование. Электротехника  |a Беспалов, Виктор Яковлевич 
606 1 |a Электрические машины  |2 stltpush  |3 (RuTPU)RU\TPU\subj\27074  |9 50877 
610 1 |a трансформаторы 
610 1 |a физические процессы 
610 1 |a машины переменного тока 
610 1 |a машины постоянного тока 
610 1 |a асинхронные машины 
610 1 |a синхронные машины 
610 1 |a двигатели 
610 1 |a генераторы 
610 1 |a характеристика 
610 1 |a переходные процессы 
610 1 |a учебные пособия 
675 |a 621.313(075.8)  |v 3 
700 1 |a Беспалов  |b В. Я.  |g Виктор Яковлевич 
701 1 |a Котеленец  |b Н. Ф.  |g Николай Федорович 
801 1 |a RU  |b 63413507  |c 20060711  |g PSBO 
801 2 |a RU  |b 63413507  |c 20110927  |g PSBO 
900 |a Электрические машины 
900 |a Электромеханика 
942 |c BK 
951 |b 140600 
959 |a 108/20091020  |d 50  |e 0  |f УФ:50